000 00335nam a2200133Ia 4500
999 _c10864
_d10864
008 191201s2009 xx 000 0 und d
100 _aRAJSEKHAR, T.
245 0 _aJournalism Administration
250 _a1st
260 _aNew Delhi
_bSonali Pub
_c2008
300 _a298
650 _aBachelor of Mass Communication
942 _2ddc
_cBK